<?xml version="1.0" encoding="UTF-8"?>
<record
    xmlns:xsi="http://www.w3.org/2001/XMLSchema-instance"
    xsi:schemaLocation="http://www.loc.gov/MARC21/slim http://www.loc.gov/standards/marcxml/schema/MARC21slim.xsd"
    xmlns="http://www.loc.gov/MARC21/slim">

  <leader>02507nam a22002297a 4500</leader>
  <controlfield tag="005">20230127150626.0</controlfield>
  <controlfield tag="008">230127b           ||||| |||| 00| 0 eng d</controlfield>
  <datafield tag="020" ind1=" " ind2=" ">
    <subfield code="a">9789389598513</subfield>
  </datafield>
  <datafield tag="040" ind1=" " ind2=" ">
    <subfield code="c">AL</subfield>
  </datafield>
  <datafield tag="041" ind1=" " ind2=" ">
    <subfield code="a">hin</subfield>
  </datafield>
  <datafield tag="082" ind1=" " ind2=" ">
    <subfield code="2">23</subfield>
    <subfield code="a">327H</subfield>
    <subfield code="b">OJHS</subfield>
  </datafield>
  <datafield tag="100" ind1=" " ind2=" ">
    <subfield code="a">Vivek Ojha: &#x935;&#x93F;&#x935;&#x947;&#x915; &#x913;&#x91D;&#x93E; </subfield>
    <subfield code="9">70022</subfield>
  </datafield>
  <datafield tag="245" ind1=" " ind2=" ">
    <subfield code="a">Samakaleen antarrashriya sambandh: </subfield>
    <subfield code="b">&#x938;&#x92E;&#x915;&#x93E;&#x932;&#x940;&#x928; &#x905;&#x902;&#x924;&#x930;&#x949;&#x937;&#x94D;&#x930;&#x940;&#x92F;&#x93E; &#x938;&#x902;&#x92C;&#x902;&#x927; </subfield>
  </datafield>
  <datafield tag="260" ind1=" " ind2=" ">
    <subfield code="a">Nayi Dilli</subfield>
    <subfield code="b">Rajkamal Prakashan</subfield>
    <subfield code="c">2021</subfield>
  </datafield>
  <datafield tag="300" ind1=" " ind2=" ">
    <subfield code="a">400p.</subfield>
    <subfield code="b">PB</subfield>
    <subfield code="c">21x14cm.</subfield>
  </datafield>
  <datafield tag="365" ind1=" " ind2=" ">
    <subfield code="2">Hindi</subfield>
    <subfield code="a">1831</subfield>
    <subfield code="b">298.00</subfield>
    <subfield code="c">&#x20B9;</subfield>
    <subfield code="d">350.00</subfield>
    <subfield code="e">15%</subfield>
    <subfield code="f">11-12-2022</subfield>
  </datafield>
  <datafield tag="520" ind1=" " ind2=" ">
    <subfield code="a">&#x92F;&#x939; &#x92A;&#x941;&#x938;&#x94D;&#x924;&#x915; &#x905;&#x928;&#x94D;&#x924;&#x930;&#x94D;&#x930;&#x93E;&#x937;&#x94D;&#x91F;&#x94D;&#x930;&#x940;&#x92F; &#x930;&#x93E;&#x91C;&#x928;&#x940;&#x924;&#x93F; &#x914;&#x930; &#x938;&#x902;&#x92C;&#x902;&#x927; &#x915;&#x940; &#x917;&#x924;&#x93F;&#x936;&#x940;&#x932; &#x92A;&#x94D;&#x930;&#x915;&#x943;&#x924;&#x93F; &#x915;&#x94B; &#x927;&#x94D;&#x92F;&#x93E;&#x928; &#x92E;&#x947;&#x902; &#x930;&#x916;&#x915;&#x930; &#x938;&#x92E;&#x938;&#x93E;&#x92E;&#x92F;&#x93F;&#x915; &#x938;&#x902;&#x926;&#x930;&#x94D;&#x92D;&#x94B;&#x902; &#x914;&#x930; &#x918;&#x91F;&#x928;&#x93E;&#x915;&#x94D;&#x930;&#x92E;&#x94B;&#x902; &#x915;&#x94B; &#x905;&#x926;&#x94D;&#x92F;&#x924;&#x928; &#x930;&#x942;&#x92A; &#x92E;&#x947;&#x902; &#x92A;&#x94D;&#x930;&#x938;&#x94D;&#x924;&#x941;&#x924; &#x915;&#x930;&#x924;&#x940; &#x939;&#x948;&#x964; &#x92A;&#x941;&#x938;&#x94D;&#x924;&#x915; &#x92E;&#x947;&#x902; &#x92D;&#x93E;&#x930;&#x924; &#x915;&#x940; &#x935;&#x93F;&#x926;&#x947;&#x936; &#x928;&#x940;&#x924;&#x93F; &#x915;&#x940; &#x909;&#x92D;&#x930;&#x924;&#x940; &#x92A;&#x94D;&#x930;&#x935;&#x943;&#x924;&#x94D;&#x924;&#x93F;&#x92F;&#x94B;&#x902;, &#x935;&#x93F;&#x915;&#x938;&#x93F;&#x924;-&#x935;&#x93F;&#x915;&#x93E;&#x938;&#x936;&#x940;&#x932; &#x926;&#x947;&#x936;&#x94B;&#x902; &#x915;&#x940; &#x930;&#x93E;&#x91C;&#x928;&#x940;&#x924;&#x93F; &#x915;&#x94B; &#x92A;&#x94D;&#x930;&#x92D;&#x93E;&#x935;&#x93F;&#x924; &#x915;&#x930;&#x928;&#x947; &#x935;&#x93E;&#x932;&#x947; &#x915;&#x93E;&#x930;&#x915;&#x94B;&#x902; &#x914;&#x930; &#x92A;&#x94B;&#x938;&#x94D;&#x91F; &#x915;&#x94B;&#x935;&#x93F;&#x921; &#x935;&#x93F;&#x936;&#x94D;&#x935; &#x935;&#x94D;&#x92F;&#x935;&#x938;&#x94D;&#x925;&#x93E; &#x915;&#x940; &#x938;&#x902;&#x92D;&#x93E;&#x935;&#x93F;&#x924; &#x92A;&#x94D;&#x930;&#x915;&#x943;&#x924;&#x93F; &#x915;&#x94B; &#x935;&#x93F;&#x938;&#x94D;&#x924;&#x93E;&#x930; &#x938;&#x947; &#x938;&#x92E;&#x93E;&#x939;&#x93F;&#x924; &#x915;&#x93F;&#x92F;&#x93E; &#x917;&#x92F;&#x93E; &#x939;&#x948;&#x964; &#x907;&#x938;&#x92E;&#x947;&#x902; &#x909;&#x928; &#x938;&#x92D;&#x940; &#x92A;&#x939;&#x932;&#x941;&#x913;&#x902; &#x915;&#x94B; &#x924;&#x925;&#x94D;&#x92F;&#x93E;&#x924;&#x94D;&#x92E;&#x915; &#x914;&#x930; &#x935;&#x93F;&#x936;&#x94D;&#x932;&#x947;&#x937;&#x923;&#x93E;&#x924;&#x94D;&#x92E;&#x915; &#x924;&#x94C;&#x930; &#x92A;&#x930; &#x92A;&#x94D;&#x930;&#x938;&#x94D;&#x924;&#x941;&#x924; &#x915;&#x93F;&#x92F;&#x93E; &#x917;&#x92F;&#x93E; &#x939;&#x948; &#x91C;&#x94B; &#x938;&#x93F;&#x935;&#x93F;&#x932; &#x938;&#x947;&#x935;&#x93E; &#x914;&#x930; &#x935;&#x93F;&#x936;&#x94D;&#x935;&#x935;&#x93F;&#x926;&#x94D;&#x92F;&#x93E;&#x932;&#x92F;&#x94B;&#x902; &#x915;&#x940; &#x92A;&#x930;&#x940;&#x915;&#x94D;&#x937;&#x93E;&#x913;&#x902; &#x92E;&#x947;&#x902; &#x92A;&#x942;&#x91B;&#x947; &#x91C;&#x93E;&#x924;&#x947; &#x939;&#x948;&#x902;&#x964; &#x907;&#x938; &#x92A;&#x941;&#x938;&#x94D;&#x924;&#x915; &#x915;&#x94B; &#x938;&#x92E;&#x93E;&#x935;&#x947;&#x936;&#x940; &#x92C;&#x928;&#x93E;&#x928;&#x947; &#x915;&#x93E; &#x92A;&#x94D;&#x930;&#x92F;&#x93E;&#x938; &#x915;&#x930;&#x924;&#x947; &#x939;&#x941;&#x90F; &#x92A;&#x93E;&#x920;&#x94D;&#x92F;&#x915;&#x94D;&#x930;&#x92E; &#x915;&#x947; &#x938;&#x92D;&#x940; &#x92E;&#x939;&#x924;&#x94D;&#x935;&#x92A;&#x942;&#x930;&#x94D;&#x923; &#x935;&#x93F;&#x937;&#x92F;&#x94B;&#x902; &#x915;&#x94B; &#x92A;&#x94D;&#x930;&#x93E;&#x938;&#x902;&#x917;&#x93F;&#x915; &#x930;&#x942;&#x92A; &#x92E;&#x947;&#x902; &#x92A;&#x94D;&#x930;&#x938;&#x94D;&#x924;&#x941;&#x924; &#x915;&#x93F;&#x92F;&#x93E; &#x917;&#x92F;&#x93E; &#x939;&#x948;&#x964;.</subfield>
  </datafield>
  <datafield tag="650" ind1=" " ind2=" ">
    <subfield code="a">International Relation: &#x905;&#x902;&#x924;&#x930;&#x949;&#x937;&#x94D;&#x930;&#x940;&#x92F;&#x93E; &#x938;&#x902;&#x92C;&#x902;&#x927; </subfield>
    <subfield code="9">70023</subfield>
  </datafield>
  <datafield tag="650" ind1=" " ind2=" ">
    <subfield code="a">Bharat Ki Videsh Nithi: &#x92D;&#x93E;&#x930;&#x924; &#x915;&#x940; &#x935;&#x93F;&#x926;&#x947;&#x936; &#x928;&#x93F;&#x924;&#x93F; </subfield>
    <subfield code="9">70024</subfield>
  </datafield>
  <datafield tag="700" ind1=" " ind2=" ">
    <subfield code="a">OJHA (Vivek): &#x913;&#x91D;&#x93E; (&#x935;&#x93F;&#x935;&#x947;&#x915;)</subfield>
    <subfield code="9">70025</subfield>
  </datafield>
  <datafield tag="942" ind1=" " ind2=" ">
    <subfield code="2">ddc</subfield>
    <subfield code="c">BK</subfield>
  </datafield>
  <datafield tag="999" ind1=" " ind2=" ">
    <subfield code="c">226458</subfield>
    <subfield code="d">226458</subfield>
  </datafield>
  <datafield tag="952" ind1=" " ind2=" ">
    <subfield code="0">0</subfield>
    <subfield code="1">0</subfield>
    <subfield code="2">ddc</subfield>
    <subfield code="4">0</subfield>
    <subfield code="7">0</subfield>
    <subfield code="8">HIN</subfield>
    <subfield code="a">AL</subfield>
    <subfield code="b">AL</subfield>
    <subfield code="d">2023-01-23</subfield>
    <subfield code="e">Vidya Vihar Govind Nagar Kanpur 208006</subfield>
    <subfield code="g">298.00</subfield>
    <subfield code="l">0</subfield>
    <subfield code="o">327H OJHS</subfield>
    <subfield code="p">076332</subfield>
    <subfield code="r">2023-01-27 00:00:00</subfield>
    <subfield code="v">350.00</subfield>
    <subfield code="w">2023-01-27</subfield>
    <subfield code="y">BK</subfield>
  </datafield>
</record>
